000 00622nam a22002537a 4500
003 UA-OsUOA
001 28936
007 ta
008 20050517b un ||||| |||| 00| 0 ukr d
100 _aЯворницький Дмитро
090 _a94(477)
_bЯ22
942 _cBK
040 _aUA-OsUOA
_bukr
_cUA-OsUOA
_dUA-OsUOA
245 _aДо історії степової України
300 _a443 с.
955 _a0
041 _aukr
080 _a94(477)
020 _a966-511-390-9
260 _aДніпропетровськ
_bСіч
_c2004
044 _aUA
650 7 _2UDC
999 _c315312
_d315312